The handy space answer book / (Record no. 958)

MARC details
000 -LEADER
fixed length control field 00643cam a2200241 a 4500
005 - DATE AND TIME OF LATEST TRANSACTION
control field 20260322212041.0
008 - FIXED-LENGTH DATA ELEMENTS--GENERAL INFORMATION
fixed length control field data
010 ## - LIBRARY OF CONGRESS CONTROL NUMBER
LC control number 97031860
020 ## - INTERNATIONAL STANDARD BOOK NUMBER
International Standard Book Number 1578590175
020 ## - INTERNATIONAL STANDARD BOOK NUMBER
International Standard Book Number 9781578590179
040 ## - CATALOGING SOURCE
Original cataloging agency DLC
Transcribing agency DLC
Modifying agency DLC
050 00 - LIBRARY OF CONGRESS CALL NUMBER
Classification number QB52
Item number .E54 1998
082 00 - DEWEY DECIMAL CLASSIFICATION NUMBER
Classification number 520
Edition information 21
092 ## - LOCALLY ASSIGNED DEWEY CALL NUMBER (OCLC)
Classification number 520.21 E54 1998
001 - CONTROL NUMBER
control field data
100 1# - MAIN ENTRY--PERSONAL NAME
Personal name Engelbert, Phillis.
245 14 - TITLE STATEMENT
Title The handy space answer book /
Statement of responsibility, etc. Phillis Engelbert & Diane L. Dupuis.
260 ## - PUBLICATION, DISTRIBUTION, ETC.
Place of publication, distribution, etc. Detroit, MI :
Name of publisher, distributor, etc. Visible Ink,
Date of publication, distribution, etc. c1998.
300 ## - PHYSICAL DESCRIPTION
Extent xviii, 576 p. :
Other physical details ill. ;
Dimensions 24 cm.
500 ## - GENERAL NOTE
General note Includes index.
650 #0 - SUBJECT ADDED ENTRY--TOPICAL TERM
Topical term or geographic name entry element Astronomy
General subdivision Miscellanea.
700 1# - ADDED ENTRY--PERSONAL NAME
Personal name Dupuis, Diane L.
Holdings
Withdrawn status Lost status Damaged status Not for loan Home library Current library Shelving location Date acquired Total checkouts Full call number Barcode Date last seen Price effective from Koha item type
        Riverside Riverside General stacks 22/03/2026   520 21 BC0010990 22/03/2026 22/03/2026 Books